Números de 1 a 100 num 1 minuto - Statistics

Estatísticas Gerais
  • Esse quiz foi jogado 18 675 vezes
  • A pontuação média é 68 de 100
Estatísticas das Respostas
# % Correto
1
100%
2
99%
3
98%
4
98%
5
98%
6
97%
7
97%
8
97%
9
97%
11
94%
12
94%
10
93%
13
93%
14
93%
15
92%
16
92%
17
91%
18
91%
19
91%
21
90%
22
90%
23
90%
20
89%
24
89%
25
89%
26
88%
27
88%
28
88%
29
87%
30
87%
31
86%
32
86%
33
85%
34
85%
35
84%
36
84%
37
84%
38
83%
39
82%
40
82%
41
81%
42
80%
43
80%
44
80%
45
80%
46
78%
47
78%
48
77%
49
77%
50
76%
51
75%
52
73%
55
73%
53
72%
54
72%
56
71%
57
68%
58
68%
59
67%
60
66%
61
65%
62
63%
63
62%
65
62%
66
62%
64
61%
67
59%
68
57%
69
56%
70
55%
71
53%
72
52%
73
51%
74
49%
77
49%
75
48%
76
47%
78
45%
79
43%
80
42%
81
41%
82
39%
83
38%
84
37%
88
37%
85
36%
86
35%
87
35%
89
33%
90
33%
91
32%
92
31%
93
30%
99
30%
94
29%
95
28%
96
27%
98
27%
100
26%
97
26%
Nenhum quiz correspondente encontrado
Distribuição das Pontuações
Porcentagem de Pessoas com Cada Pontuação
Percentil de Números Respondidos
Sua Pontuação Histórica
Você não jogou esse quiz